| 000 | 00815nas1a22002651i 4500 | ||
|---|---|---|---|
| 001 | RU\NLR\INFOCOMM18\1000230788 | ||
| 005 | 20240723105730.0 | ||
| 035 | _a(NLR Aleph) 002382390 | ||
| 090 |
_a4605298 _c4605298 |
||
| 100 | _a20041221b19321933|||y0rusy50 ca | ||
| 101 | 0 | _arus | |
| 102 | _aRU | ||
| 110 | _aayu||||0|y0 | ||
| 200 | 1 |
_aТехнический бюллетень _fОружейно-пулеметный трест _gОтв. ред. С.К. Сокольчик |
|
| 210 |
_aМ. _cТехпроп "Руж" _d1932-1933 |
||
| 309 | _aЛитогр. | ||
| 702 | 1 |
_aСокольчик _bС.К. _4340 |
|
| 801 | 1 |
_aRU _bInfoComm _c20041221 |
|
| 801 | 0 |
_aRU _bNLR _gPSBO |
|
| 852 |
_aNLR _jП11/85 |
||
| 942 | _cJOURNAL | ||
| 980 | _aRUSPER | ||